000 00786nam a22002177a 4500
005 20240530110916.0
008 220221s2008 ua c g b 000 0 ara d
017 _bمصر. دار الكتب
040 _aEG-CaGPL
_cEG-CaGPL
082 0 4 _221
_a331.137 /
_bج ع
110 0 _aجامعة القاهرة
245 1 2 _aالعشوائيات والبطالة :
_bحلول علمية وعملية /
_cجامعة القاهرة
260 _aالقاهرة :
_bمطبعة جامعة القاهرة ،
_c2008
300 _a212 ص؛
_c20 سم
650 0 7 _aالبطالة
_2qrmak
650 0 7 _aالبطالة
_zمصر
650 0 7 _aالعشوائيات
_2qrmak
650 0 7 _aالمناطق العشوائية
_2qrmak
942 _2ddc
_cBK
999 _c66402
_d66402